| 000 | 01820nam a2200469Ii 4500 | ||
|---|---|---|---|
| 001 | DIGBOSCH0087 | ||
| 003 | NyNyDIG | ||
| 006 | m o d | ||
| 007 | cr ||||||||||| | ||
| 008 | 220614s2018 sp ob 000 0 spa d | ||
| 035 | _a(OCoLC)1338645203 | ||
| 040 |
_aDGITA _beng _erda _epn _cDGITA |
||
| 020 |
_a9788494868443 _qdigital |
||
| 020 |
_z9788494868436 _qpapel |
||
| 043 | _ae-sp--- | ||
| 050 | 1 | 4 | _aKKT4208 ebook |
| 082 | 0 | 4 | _a306.740946 |
| 100 | 1 |
_aBauer Bronstrup, Felipe, _eauthor. |
|
| 245 | 1 | 4 |
_aLos delitos de pornografía infantil : _b(análisis del art. 189 CP) / _cFelipe Bauer Bronstrup ; prólogo de Antonia Monge Fernández. |
| 264 | 1 |
_aBarcelona : _bJMB Bosch Editor, _c2018. |
|
| 300 | _a1 online resource. | ||
| 336 |
_atext _btxt _2rdacontent |
||
| 336 |
_astill image _2rdacontent |
||
| 337 |
_acomputer _bc _2rdamedia |
||
| 338 |
_aonline resource _bcr _2rdacarrier |
||
| 347 |
_atext file _2rdaft |
||
| 347 | _bPDF | ||
| 490 | 1 |
_aBosch penal ; _v8 |
|
| 500 | _aOriginally presented as the author's thesis (doctoral). Universidad de Sevilla, 2016. | ||
| 504 | _aIncludes bibliographical references. | ||
| 588 | 0 | _aOnline resource; title from PDF title page (Digitalia, viewed Jun 14, 2022) | |
| 650 | 0 |
_aChild pornography _xLaw and legislation _zSpain. |
|
| 650 | 0 |
_aChild sexual abuse _xLaw and legislation _zSpain. |
|
| 655 | 0 | _aElectronic books. | |
| 776 | 0 | 8 |
_iPrint version: _aBauer Bronstrup, Felipe. _tDelitos de pornografía infantil. _dBarcelona : JMB Bosch Editor, 2018 _z9788494868436 |
| 791 | 2 |
_aDigitalia (Firm), _edistributor. |
|
| 793 | 0 |
_gDigitalia eBook Collection: _aBoch Editor |
|
| 830 | 0 |
_aBosch penal ; _v8. |
|
| 856 | 4 | 0 |
_3Digitalia Hispánica _uhttps://www.digitaliapublishing.com/a/61655/ |
| 910 | _aPremium collection: 2022 | ||
| 942 | _cRAA | ||
| 999 |
_c257892 _d257892 |
||